[Event "Athens op 03-B"]
[Site "Athens"]
[Date "2012.03.14"]
[Round "4"]
[White "Rozakis, Vasilios"]
[Black "Kesoglou, Konstantinos"]
[Result "0-1"]
[WhiteElo "1854"]
[BlackElo "2094"]
[PlyCount "118"]
[EventDate "2012.03.03"]
[EventType "swiss"]
[EventRounds "7"]
[EventCountry "GRE"]
[SourceTitle "EXT 2014"]
[Source "ChessBase"]
[SourceDate "2013.11.20"]
[SourceVersion "1"]
[SourceVersionDate "2013.11.20"]
[SourceQuality "1"]

1. e4 c5 2. c3 Nf6 3. e5 Nd5 4. g3 d6 5. exd6 Qxd6 6. Bg2 Nc6 7. Ne2 e5 8. 0-0 Be7 9. Na3 Be6 10. Re1 0-0 11. d3 Rad8 12. f4 Qd7 13. c4 Ndb4 14. Qa4 Nxd3 15. Rd1 Bg4 16. Rd2 Bxe2 17. Rxe2 Nd4 18. Qxd7 Nxe2+ 19. Kf1 Nxg3+ 20. hxg3 Rxd7 21. fxe5 Nxc1 22. Rxc1 Rfd8 23. Bd5 Bg5 24. Rc3 Re8 25. Nb5 Rxe5 26. Nxa7 Re3 27. Rxe3 Bxe3 28. Nc8 Bd4 29. b3 Be5 30. Kf2 Kf8 31. g4 Bc7 32. Na7 b6 33. Nb5 Be5 34. a3 Bf6 35. b4 cxb4 36. axb4 Be7 37. Bc6 Rd2+ 38. Ke3 Rb2 39. c5 bxc5 40. bxc5 Bxc5+ 41. Kf3 Rb3+ 42. Kf4 Rb4+ 43. Kf3 h5 44. gxh5 Rh4 45. Be4 Rxh5 46. Nc7 Bd6 47. Nd5 f5 48. Bb1 Kf7 49. Ne3 Rh3+ 50. Ke2 g6 51. Ng2 Kf6 52. Ba2 g5 53. Bd5 Bc5 54. Bc6 Ke5 55. Ne1 Rh2+ 56. Kf3 Rd2 57. Ng2 g4+ 58. Kg3 Bf2+ 59. Kh2 f4 0-1

[Event "Kallithea op"]
[Site "Kallithea"]
[Date "2004.09.15"]
[Round "8"]
[White "Kostouros, Alexandros"]
[Black "Rozakis, Vasilios"]
[Result "1-0"]
[WhiteElo "2217"]
[BlackElo "1530"]
[PlyCount "113"]
[EventDate "2004.09.09"]
[EventType "swiss"]
[EventRounds "9"]
[EventCountry "GRE"]
[SourceTitle "EXT 2006"]
[Source "ChessBase"]
[SourceDate "2005.11.24"]
[SourceVersion "1"]
[SourceVersionDate "2005.11.24"]
[SourceQuality "1"]

1. e4 c6 2. c4 d5 3. cxd5 cxd5 4. exd5 Qxd5 5. Nc3 Qa5 6. d4 Nf6 7. Nf3 Bg4 8. Bc4 e6 9. 0-0 a6 10. d5 exd5 11. Re1+ Be7 12. Nxd5 Nxd5 13. Qxd5 Qxd5 14. Bxd5 Bxf3 15. Bxf3 Nc6 16. b3 0-0-0 17. Bb2 Bf6 18. Bxf6 gxf6 19. Rac1 Kc7 20. Re7+ Rd7 21. Rxd7+ Kxd7 22. Kf1 Re8 23. Bxc6+ bxc6 24. Re1 Re5 25. Rxe5 fxe5 26. g4 f6 27. Ke2 Kd6 28. Kd3 Kd5 29. f3 a5 30. a3 c5 31. h3 h6 32. h4 Kc6 33. Kc4 Kb6 34. a4 Kc6 35. h5 Kd6 36. Kb5 Kd5 37. Kxa5 Kd4 38. Kb5 Ke3 39. a5 Kxf3 40. a6 e4 41. a7 e3 42. a8Q+ Kf2 43. Qf8 e2 44. Qxf6+ Kg2 45. Qe5 Kf1 46. Qf4+ Kg2 47. Qe3 Kf1 48. Qf3+ Ke1 49. Kxc5 Kd2 50. Qf2 Kd1 51. Qd4+ Kc2 52. Qe3 Kd1 53. Qd3+ Ke1 54. Kd4 Kf2 55. Qe3+ Kf1 56. Qf3+ Ke1 57. Kd3 1-0